texas cities - Statistics

General Stats
  • This quiz has been taken 16 times
  • The average score is 6 of 13
Answer Stats
Answer % Correct
austin
92%
dallas
92%
houston
83%
fort worth
67%
san antonio
58%
el paso
50%
amarillo
42%
corpus christi
42%
odessa
25%
waco
25%
abilene
17%
laredo
17%
lubboek
0%
No matching quizzes found
Score Distribution
Percent of People with Each Score
Percentile by Number Answered
Your Score History
You have not taken this quiz